| 000 | 00513nam a2200181 4500 | ||
|---|---|---|---|
| 003 | SEACOMEC | ||
| 005 | 20240722152900.0 | ||
| 008 | 240722b |||||||| |||| 00| 0 eng d | ||
| 020 |
_a9788121904131 _c300.00 |
||
| 040 | _aSEACOMEC | ||
| 082 |
_a539.7 _bG427 |
||
| 100 | _aGhoshal, S.N | ||
| 245 |
_aNuclear Physics _c/ S.N. Ghoshal |
||
| 260 |
_aNew Delhi _b: S Chand and Company Limited, _c2006 |
||
| 300 | _a xvi, 845p | ||
| 650 | _aNuclear physics Nuclear physics -- Study and teaching-India | ||
| 942 | _cBOOK | ||
| 999 |
_c1455 _d1455 |
||